000 00313nam a2200121Ia 4500
008 190216s9999||||xx |||||||||||||| ||und||
100 _aAntonia Yermakova &valenton
245 0 _aWhat Are Classes And The Classes Struggle
260 _bPregress Pub
_c1986
300 _a265p
650 _aEconomics
942 _cBK
999 _c9829
_d9829